000 005470000a22001810004500
003 MACL
005 20160120131900.0
008 160120b xxu||||| |||| 00| 0 eng d
040 _aMACL
_cMACL
041 _aHindi
082 _a340.03SHU
100 _aशूक्‍ला एम एन.
_933616
245 _aअपृक्‍त्‍य विघि
260 _bसेण्‍ट्रल लॉ एनेन्‍सी
_c1998
_aइलाहाबाद
350 _a80
650 _aलॉ
_933609
942 _cHIN
_k340.03/SHU/
_2ddc
999 _c30841
_d30841